000 00712nam a2200277Ia 4500
005 20260324112958.0
008 008 260324s9999 xx 000 0 eng d
020 _a9781003461623
037 _aEBOOK
040 _aCRL
040 _beng
040 _cCRL
041 _2eng
041 _aeng
084 _qCRL
100 _aHang Geng; Zidong Wang; Yuhua Cheng
_91144929
245 0 _aMulti-Sensor Filtering Fusion with Censored Data Under a Constrained Network Environment
260 _bTaylor and Francis
260 _c2024
365 _a
365 _b260
856 _uhttp://www.taylorfrancis.com/books/9781003461623
942 _cEBOOK
999 _c1734336
_d1734336